| 000 | 005980000a22002050004500 | ||
|---|---|---|---|
| 090 | _aSeriadas | ||
| 245 | 1 | 0 | _aListado de los Bryozoas marinos del Caribe colombiano |
| 260 | _c2007 | ||
| 044 | _aColombia | ||
| 041 | 0 | _aEspañol | |
| 690 |
_aInvertebrados acuáticos _98243 |
||
| 690 |
_aFauna bentónica _94711 |
||
| 690 |
_aBriozoos _9100563 |
||
| 651 | 4 |
_pColombia _lMar Caribe _992749 |
|
| 700 | 1 |
_aFlórez Romero, Paola _9100564 |
|
| 700 | 1 |
_aWinston, Judith E. _922679 |
|
| 100 | 1 |
_aMontoya Cadavid, Erika _9100565 |
|
| 942 | _cARTICULO | ||
| 773 | 1 |
_tBiota colombiana _h2 _q160-184 _d2007 _g8 |
|
| 999 |
_c16311 _d16311 |
||